The next library leadership : (Record no. 122903)

MARC details
000 -LEADER
fixed length control field 00951nam a22002777a 4500
003 - CONTROL NUMBER IDENTIFIER
control field 0
005 - DATE AND TIME OF LATEST TRANSACTION
control field 20180804113612.0
008 - FIXED-LENGTH DATA ELEMENTS--GENERAL INFORMATION
fixed length control field 0
010 ## - LIBRARY OF CONGRESS CONTROL NUMBER
LC control number B-168491
020 ## - INTERNATIONAL STANDARD BOOK NUMBER
Terms of availability 900.00
International Standard Book Number 9781563089923
035 ## - SYSTEM CONTROL NUMBER
System control number B-168491, B-168492
037 ## - SOURCE OF ACQUISITION
Source of stock number/acquisition Cen Lib/Ret
040 ## - CATALOGING SOURCE
Original cataloging agency DPL
Language of cataloging EN
Transcribing agency 0
082 ## - DEWEY DECIMAL CLASSIFICATION NUMBER
Classification number 025.197092
Item number HER
100 ## - MAIN ENTRY--PERSONAL NAME
Personal name Hernon, Peter
9 (RLIN) 2993
245 ## - TITLE STATEMENT
Title The next library leadership :
Statement of responsibility, etc by Peter Hernon, Ronald R.Powell [and] Arthur P.Young
Remainder of title Attributes of academic and public library directors /
260 ## - PUBLICATION, DISTRIBUTION, ETC. (IMPRINT)
Place of publication, distribution, etc Westport
Name of publisher, distributor, etc Libraries Unlimited
Date of publication, distribution, etc 2005
270 ## - ADDRESS
Address 88, Post Road West
City Westport
Postal code CT06881
300 ## - PHYSICAL DESCRIPTION
Extent xi,192p.
Dimensions 22cm (pbk)
500 ## - GENERAL NOTE
General note Includes bibliography reference and index
650 ## - SUBJECT ADDED ENTRY--TOPICAL TERM
Topical term or geographic name as entry element Library directors-United staes
9 (RLIN) 2994
650 ## - SUBJECT ADDED ENTRY--TOPICAL TERM
Topical term or geographic name as entry element Academic library directors- United states
9 (RLIN) 2995
700 ## - ADDED ENTRY--PERSONAL NAME
Personal name Powell, Ronald R.
9 (RLIN) 2998
700 ## - ADDED ENTRY--PERSONAL NAME
Personal name Young, Arthur P.
9 (RLIN) 2999
942 ## - ADDED ENTRY ELEMENTS (KOHA)
Source of classification or shelving scheme Dewey Decimal Classification
Koha item type English Books
Classification part 025.197092
Call number suffix HER
Holdings
Withdrawn status Lost status Damaged status Not for loan Collection code Home library Current library Date acquired Source of acquisition Cost, normal purchase price Total Checkouts Full call number Barcode Date last seen Copy number Cost, replacement price Price effective from Koha item type Source of classification or shelving scheme
      Not For Loan Reference Central Library Central Library 30/05/2015 Cen Lib/Ret 900.00   025.192097 HER B-168491 30/05/2015 1 900.00 30/05/2015 English Books  
      Not For Loan Reference Central Library Central Library 24/07/2015 Cen Lib/Ret 900.00   025.197092 HER B-168490 24/07/2015 2 900.00 15/09/2016 English Books  
        Non-fiction Patel Nagar Patel Nagar 04/08/2018 BPPD/PUB 900.00   025.197092 HER B-168492 04/08/2018   900.00 04/08/2018 English Books Dewey Decimal Classification

© Delhi Public Library
Hit Counter
free hit counter